000 01079nam a2200193 a 4500
090 _aIAVH
_b01299 CD-1
041 _aspa
245 _aEcosistemas
249 _aInforme de actividades de apoyo en los eventos de socialización y retroalimentación del PAB Córdoba
260 _aMontería
_bIAVH
_bCVS
_c2008
300 _a1 CD
505 _aBases de datos biodiversidad -- Biodiversidad Unicórdoba -- Caracterización flora y fauna ciénaga Bañó -- Dinámica hídrica CGA bajo Sinú -- Ecoturismo Baño -- Estudio hidrogeológico Ayapel -- Mercurio Ciénaga de Ayapel -- Ordenamiento zona amortiguadora PNNP -- Plan de manejo PNN Paramillo -- Plan seguimiento monitor ZDERS -- Planes de manejo ciénagas Sinú, San Jorge -- PMA ciénaga Grande Bajo Sinú -- Shapes limites PNNP
650 _aPlanes de manejo
_992725
650 _aRecursos hídricos
_992528
650 _aEcoturismo
_992485
650 _aPlanes de ordenamiento
_992712
662 _bCórdoba
773 _tInforme de actividades de apoyo en los eventos de socialización y retroalimentación del PAB Córdoba
999 _c7224
_d7224